000 00670cam a2200205 a 4500
082 0 0 _a388.114
_bTOL
100 1 _aSchneider, Suzanne.
_938651
245 1 0 _aToll financing of U.S. Highways.
260 _aWashington, D.C. :
_bCongress of the U.S., Congressional Budget Office,
_c[1985]
300 _axvi, 68 p. :
_bill. ;
_c26 cm.
500 _a"December 1985"--Cover.
500 _aItem 1005-C
500 _aShipping list no.: 86-45-P.
526 _a0
_b0
_c0
_d388_114000000000000_TOL
650 0 _aMCE
_9379
650 0 _aRoads
_zUnited States
_xFinance.
_921754
650 0 _aToll roads
_zUnited States.
_922292
710 1 _aUnited States.
_921185
942 _2ddc
_cBK
999 _c543275
_d543275